000 00392nam a2200169Ia 4500
008 221030s9999 xx 000 0 und d
020 _a007058611x
041 _aEnglish
082 _a105.23
_bHsu
100 _aH. Hsu
245 0 _aSchaum`s Analog & Digital Communications
_cby H. Hsu
250 _a2nd
260 _bTMH
_aNew Delhi
_c2004
300 _a330
650 _aECE
942 _cBK
999 _c2895
_d2895